000 01222pam a2200325 a 4500
999 _c130494
_d130494
001 1614693
003 ARRUPE
005 20201015105922.0
008 950228s1996 ctuab b 001 0 eng c
010 _a 95011594
020 _a0838570917 (hard cover : alk. paper)
040 _aDNLM/DLC
_cDLC
_dDLC
050 0 0 _aRT98
_b.N88 1995
060 1 0 _aWY 106 C594n 1995
082 0 0 _a610.73/43
_220
100 1 _aClark, Mary Jo Dummer.
_949853
245 1 0 _aNursing in the community /
_cMary Jo Clark.
250 _a2nd ed.
260 _aStamford, Conn. :
_bAppleton & Lange,
_cc1995.
300 _axxx, 1055 p. :
_bill. (some col.), maps (some col.) ;
_c29 cm.
500 _aRev. ed. of: Nursing in the community / [edited by] Mary Jo Clark. c1992.
504 _aIncludes bibliographical references and index.
650 0 _aCommunity health nursing.
_949854
650 1 2 _aCommunity Health Nursing.
_949855
650 2 2 _aNursing Process.
_949856
730 0 _aNursing in the community.
_949857
906 _a7
_bcbc
_corignew
_d1
_eocip
_f19
_gy-gencatlg
942 _2lcc
_cMONOGRAPH